000 00588nam a22001697a 4500
008 150327b xxu||||| |||| 00| 0 eng d
020 _a9781571810595
050 _aBM538.P3H6613 1994
100 _aHomolka, W.
_916703
245 _aJewish identity in modern times
_bLeo Baeck German Protestantism
_c/by Walter, Holmolka
260 _aProvidence
_bBerghahn books
_c1995
300 _axx,143p. ;
_c23cm.
440 _aEuropean Judaism
_916704
650 _aPeace
_xReligious aspects
_xJudaism
_916705
700 _aJonathan Magonet (series general editor)
_916706
942 _2lcc
_cMONOGRAPH
999 _c122531
_d122531